| 000 | 01923nam0a2200409 4500 | ||
|---|---|---|---|
| 001 | RU\NLR\bibl\1826291 | ||
| 005 | 20260406080100.0 | ||
| 010 |
_a978-5-360-02256-5 _915000 |
||
| 021 |
_aRU _b2011-76864 _95471 |
||
| 021 |
_aRU _b2011-84050 _95986 |
||
| 021 |
_aRU _b2012-86524 _96410 |
||
| 035 | _a(nilc)RSL-KNO-005032141 | ||
| 035 | _a(NLR Aleph) 001816815 | ||
| 090 |
_a1949713 _c1949713 |
||
| 100 | _a20111003d2011 |||y0rusy50 ca | ||
| 101 | 0 | _arus | |
| 102 | _aRU | ||
| 105 | _aa zzzz||||| | ||
| 200 | 1 |
_aБиология _e11 класс _eбазовый уровень _eучебник для учащихся общеобразовательных учреждений _fИ.Н. Пономарева, О.А. Корнилова, Т.Е. Лощилина, П.В. Ижевский _gпод ред. И. Н. Пономаревой |
|
| 205 | _aИзд. 2-е, перераб. | ||
| 210 |
_aМосква _cВентана-Граф _d2011 |
||
| 215 |
_a236, [1] с. _cил., цв. ил. _d22 |
||
| 300 | _aНа обл. авт. не указаны | ||
| 606 | 1 |
_aБиология _jУчебники для средней школы _9896131 _3RU\NLR\auth\664781 |
|
| 686 |
_aЕ.я721-1 _2rubbk |
||
| 686 | _aЕ.я721-1 | ||
| 701 | 1 |
_4070 _8rus _7ca _aПономарева _bИ. Н. _cд-р пед. наук, канд. биол. наук _f1929- _gИрма Николаевна _3RU\NLR\AUTH\7740598 _923550 |
|
| 701 | 1 |
_4070 _7ca _8rus _aКорнилова _bО. А. _cд-р биол. наук _f1961- _gОльга Анатольевна _9179525 _3RU\NLR\AUTH\770179576 |
|
| 701 | 1 |
_aЛощилина _bТ. Е. _gТатьяна Евгеньевна _4070 |
|
| 701 | 1 |
_aИжевский _bП. В. _gПавел Владимирович _4070 |
|
| 801 | 0 |
_aRU _bRuMoRKP _c20111003 _grcr |
|
| 801 | 1 |
_aRU _bРГБ _c20111003 |
|
| 801 | 2 |
_aRU _bNLR _c20111028 _grcr |
|
| 830 | _aавт. по кн. | ||
| 942 | _cBOOK | ||
| 980 | _aNB | ||